Geografía 2° ciclo: Murcia

Gorde:
Xehetasun bibliografikoak
Egile Nagusiak: Prats Cuevas, Joaquim (Egilea), Castelló, José Emilio (Egilea), Camino García, María (Egilea), Izuzquiza Otero, Ignacio (Egilea), Loste, María Antonia (Egilea)
Formatua: Liburua
Hizkuntza:gaztelania
Argitaratua: Madrid, España Anaya 1998
Saila:Serie Nuestro Mundo. Educación Secundaria Obligatoria. Ciencias Sociales, Geografía e Historia
Gaiak:
Etiketak: Etiketa erantsi
Etiketarik gabe, Izan zaitez lehena erregistro honi etiketa jartzen!

MARC

LEADER 00000nam a2200000 a 4500
001 UCN7874
003 CL-VaPUC
005 20231109073934.0
008 011026e19980000SP |||||||||||||||||spa|d
999 |c 298066  |d 298064 
040 |c Pontificia Universidad Católica de Valparaíso 
082 0 4 |a 900.712 PRA 1998  |2 21 
100 0 |a Prats Cuevas, Joaquim  |e author  |9 464075 
245 1 0 |a Geografía 2° ciclo: Murcia 
260 |a Madrid, España  |b Anaya  |c 1998 
300 |a 311 páginas 
490 0 |a Serie Nuestro Mundo. Educación Secundaria Obligatoria. Ciencias Sociales, Geografía e Historia 
583 |a last modification  |c 20011026 00:00:00  |k Rodrigo Vera 
650 0 |a Enseñanza de la geografía  |z MURCIA  |z ESPAÑA  |9 310005 
650 0 |a Métodos de enseñanza  |x HISTORIA DE ESPAÑA  |z MURCIA  |9 270413 
650 0 |a Ciudades  |z MURCIA  |z ESPAÑA  |9 265474 
650 0 |a Desarrollo económico y social   |z MURCIA  |z ESPAÑA  |9 256320 
700 0 |a Castelló, José Emilio  |e author  |9 464076 
700 0 |a Camino García, María  |e author  |9 464077 
700 |a Izuzquiza Otero, Ignacio  |e author  |9 492540 
700 0 |a Loste, María Antonia  |e author  |9 464079 
852 |a BIBCUR 
942 |c BK  |2 ddc 
945 |d 20011026 00:00:00  |a cmena 
952 |0 0  |1 0  |2 ddc  |4 0  |6 900_712000000000000_PRA_1998  |7 0  |8 A  |9 353399  |a BIBHIS  |b BIBHIS  |d 2019-11-21  |i 3765407  |o 900.712 PRA 1998  |p 3765407  |r 2025-01-20  |t 1  |w 2019-11-21  |y BK  |k HIS